Fiere jacques guide pe’dagogique 3

שמור ב:
מידע ביבליוגרפי
פורמט: ספר
יצא לאור: 1978
תגים: הוספת תג
אין תגיות, היה/י הראשונ/ה לתייג את הרשומה!
Thư viện lưu trữ: Mạng thư viện Đại học Đà Nẵng
LEADER 00430nam a22001811a 4500
001 000036558
003 12853
005 20160408151553.0
008 160408s1978 000
082 |a 4P(07) 322 
245 |a Fiere jacques guide pe’dagogique 3 
260 |c 1978 
OWN |a LNN 
999 |a From the UDN01 
TYP |a Monograph 
980 |a Mạng thư viện Đại học Đà Nẵng